| Tag |
First Indicator |
Second Indicator |
Subfields |
| LEADER |
00000cjm a2200000ua 4500 |
| 001 |
in00001237704 |
| 005 |
20151003071848.0 |
| 007 |
sd fsngnnmmnee |
| 008 |
870413r19891963xxkppn eng d |
| 024 |
1 |
|
|a 7777464362
|
| 028 |
0 |
2 |
|a CDP 7 46436 2
|b Parlophone
|
| 028 |
0 |
2 |
|a DIDX 1255
|b Parlophone
|
| 035 |
|
|
|a (OCoLC)29052227
|
| 035 |
|
|
|9 AGT5325AM
|
| 040 |
|
|
|a MNU
|c MNU
|d TXA
|d UtOrBLW
|
| 041 |
0 |
|
|d eng
|g eng
|
| 049 |
|
|
|a TXAV
|
| 090 |
|
|
|a M1741.18.B4
|b W58 1989
|
| 110 |
2 |
|
|a Beatles,
|e performer.
|
| 245 |
1 |
0 |
|a With the Beatles /
|c [The Beatles].
|
| 264 |
|
1 |
|a [U.K.] :
|b Parlophone,
|c [1989?]
|
| 264 |
|
3 |
|a Hollywood, Calif. :
|b Capital Records
|
| 264 |
|
4 |
|c ℗1963
|
| 300 |
|
|
|a 1 sound disc ;
|c digital, stereo ;
|c 4 3/4 in.
|
| 336 |
|
|
|a performed music
|b prm
|2 rdacontent
|
| 337 |
|
|
|a audio
|b s
|2 rdamedia
|
| 338 |
|
|
|a audio disc
|b sd
|2 rdacarrier
|
| 500 |
|
|
|a Digitally mastered compact disc.
|
| 500 |
|
|
|a Rock and popular songs, principally by John Lennon, Paul McCartney.
|
| 511 |
0 |
|
|a Performed by the Beatles.
|
| 500 |
|
|
|a Original sound recordings made by EMI Records Ltd.
|
| 505 |
0 |
|
|a It won't be long -- All I've got to do -- All my loving -- Don't bother me -- Little child -- Till there was you -- Please mister postman -- Roll over Beethoven -- Hold me tight -- You really got a hold on me -- I wanna be your man -- Devil in her heart -- Not a second time -- Money.
|
| 500 |
|
|
|a Sound recording.
|
| 650 |
|
0 |
|a Popular music
|y 1961-1970.
|
| 650 |
|
0 |
|a Rock music
|y 1961-1970.
|
| 700 |
1 |
|
|a Lennon, John,
|d 1940-1980.
|
| 700 |
1 |
|
|a McCartney, Paul.
|
| 999 |
|
|
|a MARS
|
| 999 |
f |
f |
|s cc525876-e4b4-3503-b771-d218f6f58ac3
|i dd1ef56e-1a4e-364c-810e-c305040c0219
|t 0
|
| 952 |
f |
f |
|p ric
|a Texas A&M University
|b Rellis Campus
|c Joint Library Facility
|d Remote Storage
|t 0
|e M1741.18.B4 W58 1989
|h Library of Congress classification
|i audio -- audio disc
|m A14818907019
|
| 952 |
f |
f |
|p ric
|a Texas A&M University
|b Rellis Campus
|c Joint Library Facility
|d Remote Storage
|t 0
|e M1741.18.B4 W58 1989
|h Library of Congress classification
|i audio -- audio disc
|m A14830424176
|
| 998 |
f |
f |
|a M1741.18.B4 W58 1989
|t 0
|l Remote Storage
|
| 998 |
f |
f |
|a M1741.18.B4 W58 1989
|t 0
|l Remote Storage
|